| 000 | 00654nam a2200229Ia 4500 | ||
|---|---|---|---|
| 005 | 20260629163255.0 | ||
| 008 | 260629s9999||||xx |||||||||||||| ||und|| | ||
| 020 |
_a0006236839 _qpbk |
||
| 020 |
_a9780006236832 _qpbk |
||
| 082 |
_a242 _bKEM |
||
| 100 | _aKempis, Thomas a | ||
| 245 | 4 | _aThe imitation of Christ | |
| 260 |
_aLondon _bFount an imprint of HarperCollins Publishers _c1977 |
||
| 300 | _a221p. ; 18cm. | ||
| 653 | _aCatholic Church—Doctrines | ||
| 653 | _aChristian life | ||
| 653 | _aDevotional literature | ||
| 653 | _aMeditations | ||
| 653 | _aSpiritual life—Christianity | ||
| 700 | _aKnott, Betty I. [tr.] | ||
| 942 | _cBK | ||
| 999 |
_c57326 _d57326 |
||